000 02600nam a22003017a 4500
999 _c61078
_d61078
003 Ge_BSU
005 20231214124316.0
008 231214s2018 ge ||||| |||| 00| 0 geo d
020 _a9789941806841
041 _ageo
080 _a631.4(479.22) ს-32
245 _aსაქართველოს ნიადაგების წითელი წიგნი = The Red Book of Soils of Georgia /
_c ავტორები: თენგიზ ურუშაძე, ვინფრიდ ბლუმი, თამარ ქვრივიშვილი [და სხვ] ; რედაქტორი გიზო გოგიჩაიშვილი ; ფოტოების ავტორი გია ჩხატარაშვილი ; დიზაინი ნატალია ღლონტი ; საქართველოს აგრარული უნივერსიტეტი, მიხეილ საბაშვილის ნიადაგმცოდნეობის, აგროქიმიისა და მელიორაციის ინსტიტუტი, შოთა რუსთაველის საქართველოს ეროვნული სამეცნიერო ფონდი.
264 _aთბილისი :
_bთავისუფალი და აგრარული უნივერსიტეტების გამომცემლობა,
_c2018.
300 _a120 გვ. :
_bილ., ცხრ. ;
_c24 სმ.
504 _aბიბლიოგრაფია: გვ. 116-117.
653 _aსაქართველოს ნიადაგები
700 _aბლუმი, ვინფრიდ
_eავტორი
_920729
700 _aქვრივიშვილი, თამარ
_eავტორი
_916728
700 _aჯორბენაძე, ლეო
_eავტორი
_920730
700 _aწერეთელი, გიული
_eავტორი
_916730
700 _aკახაძე, რუსუდან
_eავტორი
_920731
700 _aმერაბიშვილი, მარიამ
_eავტორი
_920732
700 _aგოგიძე, ქეთევან
_eავტორი
_920733
700 _aკუნჭულია, ილია
_eავტორი
_920734
700 _aჩხატარაშვილი, გია
_eფოტოგრაფი
_920735
700 _aღლონტი, ნატალია
_eდიზაინერი
_97931
942 _2udc
_cᲬᲘᲒᲜᲘ